Extreme Flags #1 - Statistics

General Stats
  • This quiz has been taken 391 times
  • The average score is 10 of 16
Answer Stats
Picture Answer % Correct
Hawaii
82%
Northern Cyprus
78%
Sicily
75%
French Guiana
73%
Norfolk Island
72%
Transnistria
72%
Zanzibar
72%
Cocos (Keeling) Islands
69%
Falkland Islands
68%
Easter Island
63%
Reunion
61%
New York City
48%
Bougainville
44%
Andalusia
35%
Hokkaido
33%
Northern Territory
33%
No matching quizzes found
Score Distribution
Percent of People with Each Score
Percentile by Number Answered
Your Score History
You have not taken this quiz